000 00679cam a2200193 a 4500
020 _a087262997X
082 0 0 _a624.15136
_bBEA
_cL-39, P-195
245 0 0 _aBearing capacity of soils.
260 _aNew York, N.Y. :
_bASCE Press,
_cc1993.
300 _a142 p. :
_bill. ;
_c28 cm.
490 1 _aTechnical engineering and design guides as adapted from the US Army Corps of Engineers ;
526 _a0
_b0
_c0
_d624_151360000000000_BEA
650 0 _aFoundations
_zUnited States
_xTesting.
_942554
650 0 _aMCE
_9379
650 0 _aSoils
_zUnited States
_xTesting.
_923060
710 1 _aUnited States.
_921185
710 2 _aAmerican Society of Civil Engineers.
_9702
942 _2ddc
_cBK
999 _c546435
_d546435